000 00312nam a2200133Ia 4500
005 20251222141810.0
008 251222s9999||||xx |||||||||||||| ||spa||
020 _a84-263-3703-1
082 _a272.092/U55
100 _aUnciti, Manuel de
245 0 _aAmaron hasta el Final
264 _bLuis Vives
942 _cLIB
999 _c6441
_d6441